000 00605nam a22001817a 4500
005 20251108175203.0
008 250721s2013 xx 000 0 ara d
082 1 4 _a658.872/عوا
100 1 _aعواد، فتحي احمد ذياب
245 1 0 _aأصول التسويق في المنظمات المعاصرة التسويق عبر الإنترنت /
264 1 _aعمان :
_bدار الرضوان للنشر و التوزيع،
_c2013.
300 _a351ص.
650 1 7 _aالتسويق
650 1 7 _aطرق التسويق
650 1 7 _aالانترنت
942 _2ddc
_cBK
999 _c128221
_d128221